Movies Quiz

Random Movies or Director Quiz

Cut directors Quiz Stats

 Plays Quiz not verified by Sporcle

Challenge
Share
Tweet
Embed
Score 0/20 Timer 10:00
0 Plays Today
Cut name Name % Correct
J_el C_enJoel Coen
95.7%
Q_e_t__ _ara_____Quentin Tarantino
87.2%
Cl__t _astw__dClint Eastwood
85.1%
___ncis ____ C_pp_l_Francis Ford Coppola
83%
R_c__r_ _tte_borou__Richard Attenborough
80.9%
M_rtin _c_r____Martin Scorsese
80.9%
__vin _mithKevin Smith
80.9%
Da___n Aronof_kyDarren Aronofsky
76.6%
__iver S___eOliver Stone
76.6%
_obe_t B_ntonRobert Benton
76.6%
Cut name Name % Correct
_t_v_n ____l____Steven Spielberg
74.5%
__g L__Ang Lee
72.3%
____ey Sc___Ridley Scott
72.3%
B___y Lev__so_Barry Levinson
70.2%
_ilo_ For__nMilos Forman
70.2%
Mi_h_e_ _urtizMichael Curtiz
70.2%
__m __r_onTim Burton
70.2%
S__ ___d_sSam Mendes
68.1%
__ar__e __ap__nCharlie Chaplin
66%
______ P_ll__kSydney Pollack
46.8%

You're not logged in!

Compare scores with friends on all Sporcle quizzes.
OR
Log In

You Might Also Like...

Show Comments

Extras

Top Quizzes Today


Score Distribution

Your Account Isn't Verified!

In order to create a playlist on Sporcle, you need to verify the email address you used during registration. Go to your Sporcle Settings to finish the process.

Report this User

Report this user for behavior that violates our Community Guidelines.

Details: